| 000 -LEADER |
| fixed length control field |
00947cam a22002898a 4500 |
| 001 - CONTROL NUMBER |
| control field |
ocmocm58054580 |
| 003 - CONTROL NUMBER IDENTIFIER |
| control field |
OCoLC |
| 005 - DATE AND TIME OF LATEST TRANSACTION |
| control field |
20241114081444.0 |
| 008 - FIXED-LENGTH DATA ELEMENTS--GENERAL INFORMATION |
| fixed length control field |
050224r20052004enk j 000 1 eng |
| 015 ## - NATIONAL BIBLIOGRAPHY NUMBER |
| National bibliography number |
GBA519288 |
| Source |
bnb |
| 020 ## - INTERNATIONAL STANDARD BOOK NUMBER |
| International Standard Book Number |
9781510108622 (pbk.) : |
| 040 ## - CATALOGING SOURCE |
| Original cataloging agency |
UKM |
| Transcribing agency |
UKM |
| Modifying agency |
TW-KhWUC |
| 041 0# - LANGUAGE CODE |
| Language code of text/sound track or separate title |
eng |
| 044 ## - COUNTRY OF PUBLISHING/PRODUCING ENTITY CODE |
| MARC country code |
xxu |
| 090 ## - LOCALLY ASSIGNED LC-TYPE CALL NUMBER (OCLC); LOCAL CALL NUMBER (RLIN) |
| Classification number (OCLC) (R) ; Classification number, CALL (RLIN) (NR) |
FIC PAV |
| 100 1# - MAIN ENTRY--PERSONAL NAME |
| Personal name |
Paver, Michelle. |
| Relator term |
aut. |
| 245 10 - TITLE STATEMENT |
| Title |
Spirit Walker / |
| Statement of responsibility, etc. |
Michelle Paver. |
| 260 ## - PUBLICATION, DISTRIBUTION, ETC. |
| Place of publication, distribution, etc. |
London : |
| Name of publisher, distributor, etc. |
Orion children's book , |
| Date of publication, distribution, etc. |
2006. |
| 300 ## - PHYSICAL DESCRIPTION |
| Extent |
278 p. : |
| Other physical details |
ill. ; |
| Dimensions |
20 cm. |
| 440 #0 - SERIES STATEMENT/ADDED ENTRY--TITLE |
| Title |
Chronicles of ancient darkness; |
| Volume/sequential designation |
bk. 2. |
| 520 ## - SUMMARY, ETC. |
| Summary, etc. |
When a deadly illness begins to afflict the clans, twelve-year-old Torak, with help from Renn and Wolf, embarks on a journey to find a cure. |
| 650 #0 - SUBJECT ADDED ENTRY--TOPICAL TERM |
| Topical term or geographic name entry element |
Wolves |
| Form subdivision |
Fiction. |
| 650 #0 - SUBJECT ADDED ENTRY--TOPICAL TERM |
| Topical term or geographic name entry element |
Demoniac possession |
| Form subdivision |
Fiction. |
| 650 #0 - SUBJECT ADDED ENTRY--TOPICAL TERM |
| Topical term or geographic name entry element |
Prehistoric peoples |
| Form subdivision |
Fiction. |
| 650 #0 - SUBJECT ADDED ENTRY--TOPICAL TERM |
| Topical term or geographic name entry element |
Voyages and travels |
| Form subdivision |
Fiction. |
| 942 ## - ADDED ENTRY ELEMENTS (KOHA) |
| Source of classification or shelving scheme |
|
| Koha item type |
Books - Fiction |